Christianity True or False? - Statistics

General Stats
  • This quiz has been taken 617 times
    600 since last reset
  • The average score is 13 of 15
Answer Stats
Question Answer % Correct
Jesus can be referred to the names of Jesus Christ and Jesus of Nazareth True
96%
The first part of the Bible is called The Old Testament True
94%
Jesus never cried or wept False
93%
In Christianity, all Denominations have the Pope as the head of the Church False
93%
According to the Bible, Eve was the first person on Earth False
93%
Goliath was beaten by Paul False
91%
The first 5 books of the Holy Bible are the same in the Jewish Bible True
89%
Jesus had 12 Apostles True
89%
According to the Bible, there were 4 Wise Men who came to honor Jesus when he was born False
88%
According to the Bible, Jesus survived 40 days and 40 nights without food or water True
87%
Jesus was hung on the cross on Easter Sunday False
85%
The first verse of the Bible is Genesis 1:1 "In the beginning God created the Heavens and the Earth" True
85%
God put the rainbow in the sky as a promise that Jesus will return False
79%
All countries in Europe have a Christian majority False
78%
The Book of Psalms is the longest book in the Bible True
77%
No matching quizzes found
Score Distribution
Percent of People with Each Score
Percentile by Number Answered
Your Score History
You have not taken this quiz since the last reset